Indo-european languages by clue - Statistics

General Stats
  • This quiz has been taken 53 times
  • The average score is 12 of 15
Answer Stats
Hint Answer % Correct
Spoken in Barcelona (alongside Spanish) Catalan
100%
2nd most spoken Slavic language Polish
98%
Most of its speakers live in Reykjavík Icelandic
96%
Closely related to English, spoken in Scotland Scots
93%
Spoken in Mozambique and Angola Portuguese
91%
Closely related to Czech Slovak
89%
Spoken by Jews in Europe Yiddish
89%
Official language of Finland Swedish
87%
Official language in Iraq Kurdish
80%
Language of the Vedas Sanskrit
80%
Official language in Haiti (alongside French) Haitian Creole
78%
Official language in Sri Lanka Sinhala
73%
Native language of Mahatma Gandhi Gujarati
67%
Tonal language spoken in northern India Punjabi
62%
Language of the Zoroastrian scriptures Avestan
49%
No matching quizzes found
Score Distribution
Percent of People with Each Score
Percentile by Number Answered
Your Score History
You have not taken this quiz